| 000 | 01231nam1a2200313 i 4500 | ||
|---|---|---|---|
| 001 | RU\NLR\bibl\2063124 | ||
| 005 | 20260503064115.0 | ||
| 010 |
_a9785271332401 _bАстрель |
||
| 035 | _a(NLR Aleph) 002049773 | ||
| 090 |
_a4635821 _c4635821 |
||
| 100 | _a20130814g20139999c y0rusy50 ca | ||
| 101 | 0 | _arus | |
| 102 | _aRU | ||
| 105 | _a||||j ||||| | ||
| 200 | 1 |
_aМатематика _e2 класс _eучебник _eв 2 ч. _e[для работы в классе] _fМ.И. Башмаков, М.Г. Нефедова |
|
| 210 |
_aМосква _cАстрель _d2013 |
||
| 215 | _d26 | ||
| 225 | 1 |
_aПланета знаний _fпод общ. ред. И.А. Петровой |
|
| 463 | 0 | _10012018253 | |
| 606 | 1 |
_aМатематика _jУчебники для начальной школы _9922118 _3RU\NLR\AUTH\6619329 |
|
| 686 | 3 | _aВ10я711-1 | |
| 700 | 1 |
_aБашмаков _bМ. И. _gМарк Иванович _4070 |
|
| 701 | 1 |
_4070 _aНефедова _bМ. Г. _cпедагог _gМаргарита Геннадьевна _9133312 _3RU\NLR\AUTH\770133346 |
|
| 801 | 0 |
_aRU _bNLR _c20130814 _gRCR |
|
| 801 | 1 |
_aRU _bNLR _c20130814 |
|
| 852 |
_aNLR _j2013-7/1909 |
||
| 942 | _cBOOK | ||